000
00302nam a2200109Ia 4500
008
171211s9999 xx 000 0 und d
245
4
_a
The Ultimate Omega-3 Diet
245
_c
Evelyn Tribole
260
_c
2007
650
_x
HEALTH
856
_u
http://down.ebook777.com/014/The-Ultimate-Omega-3-Diet.pdf
999
_c
348409
_d
348409